Największe miasta w Chinach zawierające literę - Statystyki

Ogólne statystyki
  • Ten quiz został rozwiązany 93 razy
  • Średni wynik to 15 z 25
Statystyki odpowiedzi
Litera Miasto % Poprawnych
E Pekin
100%
I Pekin
100%
K Pekin
100%
P Pekin
100%
A Szanghaj
87%
G Szanghaj
87%
H Szanghaj
87%
J Szanghaj
87%
N Szanghaj
87%
S Szanghaj
87%
Z Szanghaj
87%
O Kanton
65%
T Kanton
65%
W Wuhan
61%
X Xi’an
51%
C Chengdu
36%
D Chengdu
36%
U Chengdu
36%
Q Chongqing
35%
B Harbin
30%
R Harbin
30%
L Dalian
19%
F Foshan
13%
Y Shenyang
12%
M Kunming
7%
Nie znaleziono quizów pasujących do podanych kryteriów
Rozkład punktacji
Procent ludzi z każdym wynikiem
Percentyl według liczby udzielonych odpowiedzi
Twoja historia wyników
Nie rozwiązałeś tego quizu